[Event "Cappelle op 32nd"]
[Site "Cappelle la Grande"]
[Date "2016.02.15"]
[Round "3"]
[White "Kamsky, Gata"]
[Black "Castellanos Rodriguez, Renier"]
[Result "1-0"]
[WhiteElo "2667"]
[BlackElo "2478"]
[Annotator "Primel,D"]
[PlyCount "73"]
[EventDate "2016.02.13"]
[EventType "swiss"]
[EventRounds "9"]
[EventCountry "FRA"]
[SourceTitle "EXT 2017"]
[Source "ChessBase"]
[SourceDate "2016.10.25"]
[SourceVersion "1"]
[SourceVersionDate "2016.10.25"]
[SourceQuality "1"]
[TimeControl "40/5400+30:1800+30"]
[WhiteClock "1:30:00"]
[BlackClock "1:30:00"]

1. d4 Nf6 2. Bf4 e6 3. e3 b6 4. Nf3 Bb7 5. Nbd2 Be7 6. h3 c5 7. c3 Nc6 8. Bd3
O-O 9. O-O d5 10. Qe2 h6 (10... Bd6 11. Rfe1 Ne7 12. Rad1 Ng6 13. Bxg6 hxg6 14.
Bxd6 Qxd6 15. Ne5 g5 16. f4 gxf4 17. Rf1 Nd7 18. Qh5 Nf6 19. Qh4 Qd8 20. Rxf4
Ne4 21. Nxe4 Qxh4 22. Rxh4 dxe4 23. dxc5 bxc5 24. Rd7 Rab8 25. b3 a5 26. Rc7 a4
27. bxa4 Ba8 28. a5 Rb7 29. Rxc5 Ra7 30. Nc4 {1-0 (30) Carlsen,M (2844)
-Tomashevsky,E (2728) Wijk aan Zee 2016}) 11. Rad1 Bd6 12. Bxd6 Qxd6 13. e4 Qc7
$146 (13... dxe4 14. Nxe4 Nxe4 15. Qxe4 g6 16. Qe3 Kg7 17. Be4 Rad8 18. Rd2
cxd4 19. Nxd4 Qc7 20. Rfd1 Nxd4 21. Rxd4 Bc8 22. Qd2 Rxd4 23. Qxd4+ e5 24. Qd6
Qxd6 25. Rxd6 Be6 26. Bd5 Bc8 27. c4 Re8 28. Kf1 Re7 29. Ke2 Rc7 30. g4 f5 31.
gxf5 Bxf5 32. h4 h5 33. b4 Kf8 34. Rd8+ Ke7 35. Ra8 Be6 36. Kd3 Bxd5 37. cxd5
Kf6 38. a3 b5 39. Rb8 Rc4 40. Rxb5 Rxh4 41. Ra5 Rd4+ 42. Ke3 h4 43. Kf3 {
Sergeev,V (2439)-Leniart,A (2479) Katowice 2014 0-1}) 14. e5 Nd7 15. Qe3 a5 {
[%cal Gb7a6]} 16. Bb1 $1 Ba6 17. Rfe1 Rfc8 18. a3 Ne7 19. Nh2 {[%cal Gh2g4,
Gg4h6]} Qd8 20. g4 (20. Ng4 Nf8 21. Nxh6+ gxh6 22. Qxh6 $44 {[%cal Ge1e3,Ge3g3]
}) 20... Ra7 21. f4 Rac7 22. Ndf3 cxd4 23. cxd4 Bb5 24. Qf2 Ba4 25. Rd2 Rc1 26.
Kg2 Qc7 27. Bd3 Rxe1 28. Nxe1 Qc1 29. Nhf3 Bd1 30. f5 $13 Nc6 31. Kg3 Nd8 32.
g5 Bxf3 33. Nxf3 hxg5 34. Nxg5 Nf8 $6 (34... exf5) 35. f6 g6 36. Nf3 a4 37. Qe3
1-0

[Event "Cappelle op 32nd"]
[Site "Cappelle la Grande"]
[Date "2016.02.15"]
[Round "4"]
[White "Nevednichy, Vladislav"]
[Black "Kamsky, Gata"]
[Result "1/2-1/2"]
[WhiteElo "2547"]
[BlackElo "2667"]
[Annotator "Primel,D"]
[PlyCount "86"]
[EventDate "2016.02.13"]
[EventType "swiss"]
[EventRounds "9"]
[EventCountry "FRA"]
[SourceTitle "EXT 2017"]
[Source "ChessBase"]
[SourceDate "2016.10.25"]
[SourceVersion "1"]
[SourceVersionDate "2016.10.25"]
[SourceQuality "1"]
[TimeControl "40/5400+30:1800+30"]
[WhiteClock "1:30:00"]
[BlackClock "1:30:00"]

1. e4 c5 2. Nf3 e6 3. d4 cxd4 4. Nxd4 a6 5. Nc3 b5 6. Bd3 Bb7 7. O-O Nc6 8.
Nxc6 Bxc6 9. Re1 (9. a4 b4 10. Nb1 Bc5 11. Qe2 Ne7 12. Be3 Qb6 13. Bxc5 Qxc5
14. Nd2 Ng6 15. g3 h5 16. Nc4 h4 17. Qe3 Qh5 18. Be2 Qh7 19. g4 e5 20. Qc5 f6
21. Nd6+ Kd8 22. Nf7+ Kc7 23. Qa5+ Kb7 24. Nd6+ Ka7 25. Qc7+ {1-0 (25)
Fedorchuk,S (2673)-Balogh,C (2660) Bastia 2014}) 9... Qb8 10. a4 b4 11. Nd5 Bd6
12. h3 Ne7 13. Nxe7 Bxe7 14. Qh5 g6 $146 (14... d6 15. Bd2 O-O 16. c3 b3 17. a5
g6 18. Qd1 d5 19. exd5 Bxd5 20. c4 Bc6 21. Bc3 Rd8 22. Qd2 Bc5 23. Be5 Qa7 24.
Rad1 Rxd3 25. Qxd3 Bxf2+ 26. Kh2 Bxe1 27. Qd8+ {1-0 (27) Zhou,Y (2430)
-Savitskiy,S (2368) Prague 2012}) 15. Qe2 h5 16. Bd2 Qb7 17. c3 h4 18. c4 Bc5
19. b3 Rh5 20. Rad1 d6 21. Be3 Qb6 22. Qd2 O-O-O 23. Bc2 a5 24. Re2 Bxe3 25.
Rxe3 Qc5 26. Rde1 Rd7 27. Kh1 Kc7 28. Bd1 Rh8 29. Bf3 Rhd8 30. Rd3 Bb7 31. Kg1
Qe5 32. Qe3 g5 33. Red1 Kc8 34. Kf1 Kc7 35. Kg1 Kc8 36. Kf1 Rc7 37. Kg1 Rc5 38.
Rd4 Kc7 39. Qd2 Rd7 40. Qd3 Bc6 41. Qd2 Bb7 42. Qd3 Bc6 43. Qd2 Qf6 (43... Qf4
{Probablement le coup joué au lieu de Qf6}) 1/2-1/2

[Event "Cappelle op 32nd"]
[Site "Cappelle la Grande"]
[Date "2016.02.16"]
[Round "5"]
[White "Kamsky, Gata"]
[Black "Gopal, Geetha Narayanan"]
[Result "1-0"]
[WhiteElo "2667"]
[BlackElo "2525"]
[Annotator "Primel,D"]
[PlyCount "103"]
[EventDate "2016.02.13"]
[EventType "swiss"]
[EventRounds "9"]
[EventCountry "FRA"]
[SourceTitle "EXT 2017"]
[Source "ChessBase"]
[SourceDate "2016.10.25"]
[SourceVersion "1"]
[SourceVersionDate "2016.10.25"]
[SourceQuality "1"]
[TimeControl "40/5400+30:1800+30"]
[WhiteClock "1:30:00"]
[BlackClock "1:30:00"]

1. d4 Nf6 2. Bf4 g6 3. Nf3 Bg7 4. c3 d6 5. h3 O-O 6. e3 b6 7. Be2 Bb7 8. a4 a6
9. O-O c5 10. Nbd2 Nbd7 11. Bh2 Ne4 12. Nxe4 Bxe4 13. Qb3 Nf6 14. Rfd1 h6 $146
(14... Qc7 15. Ng5 Bd5 16. c4 Bc6 17. d5 Bd7 18. Ra3 Rab8 19. Rda1 h6 20. Nf3
e6 21. dxe6 Bxe6 22. Rd1 Rfd8 23. Qc2 Qc6 24. Nd2 Bf5 25. Bd3 Bxd3 26. Rxd3 b5
27. axb5 axb5 28. b3 Rb6 29. Be5 Rd7 30. Bxf6 Bxf6 31. Rd5 Rdb7 32. Qd3 bxc4
33. bxc4 Be7 34. Ne4 Rb3 35. Qe2 Rb1 36. Kh2 Rxd1 37. Qxd1 Rb6 38. Qc2 Qc8 39.
Nc3 Qe6 40. Qa2 Rb4 41. Nb5 Bf6 42. Nc7 Qe4 43. Qa8+ Kh7 44. Qf8 {Kamsky,G 
(2673)-Svidler,P (2734) Sochi 2015 1-0}) 15. Qa3 Qc7 16. Nd2 Bc6 17. a5 Qb7 18.
axb6 cxd4 19. exd4 Bxg2 20. Bxa6 Qc6 21. Qa4 Rab8 22. Qxc6 Bxc6 23. Nc4 Nd7 24.
d5 Ba8 25. Nxd6 exd6 26. Bxd6 Nxb6 27. c4 Bxb2 28. Rab1 Na4 29. Bxb8 Rxb8 30.
Rd2 Kf8 31. Re2 h5 32. Bb5 Nc3 $6 (32... Bf6) 33. Rexb2 Nxb1 34. Rxb1 Ke7 35.
Kg2 Kd6 36. Kf3 Kc5 37. Kf4 f6 38. Rd1 Rb6 39. h4 Bb7 40. Be8 Rb4 41. Rc1 Bxd5
42. Bxg6 Kb6 43. Rb1 Rxb1 44. Bxb1 Bg8 45. Bg6 Kc5 46. Kf5 Bxc4 47. Bxh5 Kd4
48. Kxf6 Ke4 49. Bg6+ Kf3 50. h5 Kxf2 51. h6 Bg8 52. Kg7 1-0

[Event "Cappelle op 32nd"]
[Site "Cappelle la Grande"]
[Date "2016.02.17"]
[Round "6"]
[White "Djukic, Nikola"]
[Black "Kamsky, Gata"]
[Result "0-1"]
[WhiteElo "2565"]
[BlackElo "2667"]
[Annotator "Primel,D"]
[PlyCount "108"]
[EventDate "2016.02.13"]
[EventType "swiss"]
[EventRounds "9"]
[EventCountry "FRA"]
[SourceTitle "EXT 2017"]
[Source "ChessBase"]
[SourceDate "2016.10.25"]
[SourceVersion "1"]
[SourceVersionDate "2016.10.25"]
[SourceQuality "1"]
[TimeControl "40/5400+30:1800+30"]
[WhiteClock "1:30:00"]
[BlackClock "1:30:00"]

1. e4 e5 2. Nf3 Nc6 3. d4 exd4 4. Nxd4 Bc5 5. Be3 Qf6 6. c3 Nge7 7. Bc4 O-O 8.
O-O Bb6 9. Na3 Qg6 10. Nf5 (10. Qd2 Qxe4 11. Rfe1 Qg6 12. Bd3 Qh5 13. Nxc6 Nxc6
14. Bxb6 cxb6 15. Nb5 d5 16. Nc7 Rb8 17. Nxd5 Be6 18. Be4 Rbd8 19. Rad1 b5 20.
h3 Qh4 21. a3 Kh8 22. Qe3 a6 23. Nf4 Bb3 24. Rxd8 Qxd8 25. Bxc6 bxc6 26. Qc5
Re8 27. Rxe8+ Qxe8 28. Nd3 a5 29. Qe5 Qd8 30. Nc5 h6 31. Kh2 a4 32. Ne4 f6 33.
Qf4 Bd5 34. Nd6 Qc7 35. f3 Kg8 36. Kg3 Qe7 37. Nf5 Qd7 38. h4 Be6 39. Nd4 Bd5 {
Ivanchuk,V (2776)-Bruzon Batista,L (2693) Havana 2011 0-1}) 10... d6 $146 (
10... Nxf5 11. exf5 Qxf5 12. Bxb6 axb6 13. Nb5 Qf4 14. Bd5 Ne7 15. Re1 Nxd5 16.
Qxd5 c6 17. Qd6 Ra4 18. Qxf4 Rxf4 19. Nd6 b5 20. Rad1 b6 21. g3 Rf6 22. f4 g6
23. Kf2 Re6 24. g4 f5 25. gxf5 gxf5 26. Re5 Ba6 27. Rxe6 dxe6 28. Rg1+ Kh8 29.
Ke3 Bc8 30. Kd4 h6 31. Ke5 Kh7 32. Nxc8 Rxc8 33. Kxe6 Re8+ 34. Kxf5 Re2 35. b3
Rxa2 36. Rg6 b4 37. cxb4 Rc2 38. b5 Rc5+ 39. Kf6 cxb5 40. Rg7+ {Mrazik,L (2508)
-Shulga,Y (2521) ICCF email 2005 1-0}) 11. Bxb6 cxb6 12. Ng3 Bd7 13. f4 Rad8
14. Nc2 Qh6 15. Ne3 Be6 16. Bb3 Na5 17. Bd5 (17. Bc2 {[%cal Gf4f5]}) 17... b5
18. Qd3 a6 19. Rf3 Nac6 20. Ngf5 Nxf5 21. exf5 Bc8 22. g4 Rde8 23. Raf1 Qh4 24.
Rg3 Qd8 25. g5 Kh8 26. Rh3 {[%csl Rh7][%cal Gf5f6]} Qb6 27. Kh1 Ne7 28. Rhf3 (
28. f6 Ng6 29. f5 Ne5 30. fxg7+ Kxg7 31. f6+ {[%csl Rh7]}) 28... Bd7 29. f6
gxf6 30. gxf6 Ng8 31. c4 b4 32. Nf5 Nxf6 33. Rh3 $2 (33. Nh6) 33... Rg8 34. Rh6
Rg6 35. Bxf7 Bxf5 36. Qxf5 Qf2 37. Qxf6+ Rxf6 38. Rxf2 Re1+ 39. Kg2 Rxh6 40. f5
Kg7 41. Be6 Kf6 42. Rd2 Ke7 43. Bc8 Re5 44. Kg3 a5 45. Kg4 b6 46. b3 Re4+ 47.
Kg5 Reh4 48. Re2+ Kf7 49. Be6+ Kg7 50. f6+ Kf8 51. Bg4 Rxh2 52. Re3 Rg6+ 53.
Kf5 Rf2+ 54. Bf3 Rg3 0-1

[Event "Cappelle op 32nd"]
[Site "Cappelle la Grande"]
[Date "2016.02.18"]
[Round "7"]
[White "Kamsky, Gata"]
[Black "Kazhgaleyev, Murtas"]
[Result "1-0"]
[WhiteElo "2667"]
[BlackElo "2580"]
[Annotator "Reeh,O"]
[PlyCount "77"]
[EventDate "2016.02.13"]
[EventType "swiss"]
[EventRounds "9"]
[EventCountry "FRA"]
[SourceTitle "EXT 2017"]
[Source "ChessBase"]
[SourceDate "2016.10.25"]
[SourceVersion "1"]
[SourceVersionDate "2016.10.25"]
[SourceQuality "1"]

{[%mdl 32768]} 1. d4 Nf6 2. Bf4 Nh5 3. Bg5 h6 4. Bh4 g5 5. e3 Nf6 6. Bg3 d6 7.
Nd2 Bg7 8. c3 Nc6 9. Bd3 e5 10. Ne2 Qe7 11. h3 e4 12. Bc2 Bf5 13. b4 Bg6 14.
Qb1 O-O 15. Bh2 Rae8 16. b5 Na5 17. a4 b6 18. Qa2 Rc8 19. Nc4 Nxc4 20. Qxc4 d5
21. Qa2 c5 22. bxc6 Rxc6 23. Bb3 Rd8 24. O-O Bf5 25. c4 Be6 26. Rac1 Qb4 27.
cxd5 Rxc1 28. Rxc1 Nxd5 29. Bg3 Rd7 30. Rc8+ Kh7 31. Kh2 f5 {[%tqu "En",
"What's the best move for White?","Increase the pressure against Black's minor
pieces on the a2-e6 diagonal.","","e2c3","That's what Kamsky did!",3,"De","Wie
lautet der beste Zug für Weiß?","Erhöhen Sie den Druck auf die schwarzen
Leichtfiguren auf der Diagonalen a2-e6.","","e2c3","Genau das hat Kamsky
gespielt!",3]} 32. Nc3 $3 {[%csl Rd5,Re6][%cal Ra2e6,Rc3d5,Rb3d5] Increasing
the pressure on the a2-e6 diagonal. Erhöht den Druck auf der Diagonalen a2-e6.}
Qa5 (32... Nxc3 {[%tqu "En","Please show White's point.","","","b3e6","That's
it - White threatens 34.Bxf5++ checkmate!  Game over!",2,"De","Bitte zeigen
Sie die Pointe von Weiß.","","","b3e6","Das ist es - Weiß droht 34.Bxf5++
schachmatt!  Game over!",2]} 33. Bxe6 $1 Nxa2 34. Bxf5#) 33. Qc2 {[%csl Re4]
[%cal Rc3e4,Rc2e4] With clear sacrificial intentions... Mit klaren
Opferabsichten...} Bf7 ({A more tenacious try was Zäher war} 33... Nb4 {
[%csl Yf5][%cal Ya5f5]} 34. Qb1 (34. Bxe6 Nxc2 35. Bxf5+ $4 (35. Nb5 $1 $13 {
[%cal Re6f5,Re6d7,Rc8c2]}) 35... Qxf5 $1) 34... Bxb3 35. Qxb3 Nd5) 34. Nxe4 $1
Bg6 (34... fxe4 35. Qxe4+ Bg6 {[%tqu "En","How would you continue White's
attack?","Centralisation is everything!","","e4e6","Power move no. 1 - the
queen is targeting g8, d7 and d5.  But what are you planning after 36...Nf6
now?",3,"b3d5","You are hoping for 36...Bxe4?? 37.Bxe4+ Qf5 38.Bxf5++, but 36..
.Qxd5! is very discouraging, right?",0,"De","Wie würden Sie den weißen Angriff
fortsetzen?","Zentralisierung ist alles!","","e4e6","Kraftzug Nr. 1 - die Dame
zielt nach g8, d7 und d5.  Aber was planen Sie jetzt nach 36...Nf6?",3,"b3d5",
"Sie hoffen auf 36...Bxe4?? 37.Bxe4+ Qf5 38.Bxf5++, aber 36...Qxd5! ist doch
sehr ernüchternd, stimmt's?",0]} 36. Qe6 $1 {[%csl Rd7][%cal Re6d7,Re6d5,Re6g8]
} (36. Bxd5 Qxd5 $1 (36... Bxe4 $4 37. Bxe4+ Qf5 38. Bxf5#)) 36... Nf6 {
[%tqu "En","Deliver the coup de grâce!","Once again: centralisation is
everything.","","g3e5","Power move no. 2!  White centralises the bishop and
hits Black's main defender, the Nf6.  Black's position collapses.",3,"De",
"Versetzen Sie Schwarz den Gnadenstoß!","Noch einmal: Zentralsierung ist alles.
","","g3e5","Kraftzug Nr. 2!  Weiß zentralisiert den Läufer und nimmt den
schwarzen Schlüsselverteidiger aufs Korn, den Nf6.  Die Stellung von Schwarz
bricht zusammen.",3]} 37. Be5 $1 $18 {[%csl Rf6][%cal Re5f6]}) (34... Nb4 35.
Qb1 Bxb3 36. Qxb3 fxe4 37. Qg8+ Kg6 38. Qe6+ $18) {[%tqu "En","Black has
declined the sacrifice on e4. What now?","Activate White's queen.","","c2c6",
"Double attack against d7 and d5 - bingo!",3,"De","Schwarz hat das Opfer auf
e4 abgelehnt. Was nun?","Aktivieren Sie die weiße Dame.","","c2c6",
"Doppelangriff gegen d7 und d5 - Volltreffer!",3]} 35. Qc6 $1 {[%cal Rc6d7,
Rc6d5]} f4 36. Qxd7 Bxe4 {[%tqu "En","Here White is spoilt for choice, but
Kamsky chose a forcing rook move. Which one?","","","c8h8","After this check
the black king immediately becomes accessible for the white queen.",2,"De",
"Hier hat Weiß die Qual der Wahl, aber Kamsky wählte einen forcierenden
Turmzug. Welchen?","","","c8h8","Nach diesem Schach bekommt die weiße Dame
sofort Zugriff auf den schwarzen König.",2]} 37. Rh8+ $1 Kg6 (37... Kxh8 {
[%tqu "En","Please show the point of the rook sacrifice.","","","d7e8",
"Exactly - the Be4 drops!",1,"De","Bitte zeigen Sie die Pointe des Turmopfers.
","","","d7e8","Genau - der Be4 fällt!",1]} 38. Qe8+ {[%cal Re8e4,Re8h8]} Kh7 (
38... Bf8 39. Qxf8+ Kh7 40. exf4) 39. Qxe4+ $18) 38. Qe8+ Kf5 39. Qxe4+ (39.
Qxe4+ Kxe4 40. Bc2#) (39. Rf8+ Nf6 (39... Bf6 40. Qxe4+ Kxe4 41. Bc2#) 40. Be6#
) 1-0

[Event "Cappelle op 32nd"]
[Site "Cappelle la Grande"]
[Date "2016.02.20"]
[Round "9"]
[White "Vovk, Andrey"]
[Black "Kamsky, Gata"]
[Result "1/2-1/2"]
[WhiteElo "2632"]
[BlackElo "2667"]
[Annotator "Primel,D"]
[PlyCount "40"]
[EventDate "2016.02.13"]
[EventType "swiss"]
[EventRounds "9"]
[EventCountry "FRA"]
[SourceTitle "EXT 2017"]
[Source "ChessBase"]
[SourceDate "2016.10.25"]
[SourceVersion "1"]
[SourceVersionDate "2016.10.25"]
[SourceQuality "1"]
[TimeControl "40/5400+30:1800+30"]
[WhiteClock "0:15:33"]
[BlackClock "0:52:39"]

1. e4 c6 2. d4 d5 3. e5 Bf5 4. Nf3 e6 5. Be2 Ne7 6. O-O Nd7 7. a4 (7. Nbd2 h6
8. Nb3 g5 9. Ne1 Qc7 10. Nd3 b6 11. Be3 Bg7 12. f4 c5 13. dxc5 gxf4 14. cxb6
axb6 15. Bxf4 Ng6 16. Bg3 O-O 17. Nd4 Be4 18. c3 Ndxe5 19. Nf2 Qd8 20. Bh5 Qg5
21. Nxe4 dxe4 22. Qe2 e3 23. Bxg6 Nxg6 24. Nf3 Qc5 25. Rfe1 f5 26. Qxe3 Qxe3+
27. Rxe3 f4 28. Rxe6 Kf7 29. Rxb6 fxg3 30. hxg3 Rfb8 31. Rxb8 Rxb8 32. Rf1 Ke6
{1/2-1/2 (32) Dominguez Perez,L (2729)-Ding,L (2755) Tsaghkadzor 2015}) 7... a6
8. a5 c5 9. Bg5 $146 (9. c4 cxd4 10. Nxd4 Bxb1 11. Rxb1 Nxe5 12. Qb3 N7c6 13.
Nxc6 bxc6 14. Bf4 Bd6 15. c5 Bc7 16. Qg3 Qf6 17. Bg5 Qg6 18. f4 h6 19. Qh3 O-O
20. Be7 Rfe8 21. Bd6 Bxd6 22. cxd6 Nd7 23. Bd3 Qf6 24. b4 Qd4+ 25. Kh1 c5 26.
Bc2 c4 27. Ba4 Red8 28. f5 e5 29. Rbd1 Qb2 30. Bxd7 Rxd7 31. Rxd5 f6 32. Qf3
Rad8 33. Rfd1 Qxb4 34. Qe4 Kf8 35. h3 Rxd6 36. Rxd6 Rxd6 37. Rxd6 Qxd6 38. Qxc4
Ke7 {Martynyuk,E (2046)-Shkurkin,N (2204) St Petersburg 2014 1-0}) 9... h6 10.
Bxe7 Bxe7 11. c4 dxc4 12. Nc3 cxd4 13. Qxd4 Qc7 14. Ra4 (14. Qxc4 Qxc4 15. Bxc4
Rc8) 14... Rd8 15. Qxc4 Qb8 16. Qf4 O-O 17. Nd5 Bc5 18. Ne3 Bg6 19. Rc4 b5 20.
axb6 Qxb6 1/2-1/2

[Event "Moscow Aeroflot op-A 15th"]
[Site "Moscow"]
[Date "2016.03.01"]
[Round "1"]
[White "Lalith, Babu MR"]
[Black "Kamsky, Gata"]
[Result "1/2-1/2"]
[WhiteElo "2573"]
[BlackElo "2673"]
[PlyCount "28"]
[EventDate "2016.03.01"]
[EventType "swiss"]
[EventRounds "9"]
[EventCountry "RUS"]
[SourceTitle "CBM 171"]
[Source "ChessBase"]
[SourceDate "2016.03.14"]
[SourceVersion "2"]
[SourceVersionDate "2016.03.14"]
[SourceQuality "1"]

1. d4 d5 2. Nf3 Nf6 3. c4 c6 4. Nc3 a6 5. e3 g6 6. a4 a5 7. Be2 Bg7 8. O-O O-O
9. Ne5 Na6 10. cxd5 cxd5 11. Bd2 e6 12. Rc1 Nd7 13. Nxd7 Bxd7 14. Nb5 Nb4
1/2-1/2

[Event "Moscow Aeroflot op-A 15th"]
[Site "Moscow"]
[Date "2016.03.02"]
[Round "2"]
[White "Kamsky, Gata"]
[Black "Demchenko, Anton"]
[Result "1/2-1/2"]
[WhiteElo "2673"]
[BlackElo "2583"]
[PlyCount "59"]
[EventDate "2016.03.01"]
[EventType "swiss"]
[EventRounds "9"]
[EventCountry "RUS"]
[SourceTitle "CBM 171"]
[Source "ChessBase"]
[SourceDate "2016.03.14"]
[SourceVersion "2"]
[SourceVersionDate "2016.03.14"]
[SourceQuality "1"]

1. d4 Nf6 2. Bf4 g6 3. Nf3 Bg7 4. c3 O-O 5. e3 d6 6. h3 b6 7. a4 a6 8. Be2 Bb7
9. O-O Nbd7 10. Bh2 Re8 11. Nbd2 e5 12. b4 Ne4 13. Nxe4 Bxe4 14. Qb3 Qe7 15.
Rfd1 Bb7 16. Rac1 Rab8 17. Qa2 exd4 18. cxd4 Nf6 19. b5 axb5 20. axb5 Bh6 21.
Re1 Ne4 22. Bc4 Ra8 23. Qb3 Ra5 24. Bf4 g5 25. Bh2 Qd7 26. Rc2 Re7 27. Rec1 g4
28. hxg4 Qxg4 29. Bf1 Qf5 30. Bf4 1/2-1/2

[Event "Moscow Aeroflot op-A 15th"]
[Site "Moscow"]
[Date "2016.03.03"]
[Round "3"]
[White "Bindrich, Falko"]
[Black "Kamsky, Gata"]
[Result "0-1"]
[WhiteElo "2557"]
[BlackElo "2673"]
[PlyCount "88"]
[EventDate "2016.03.01"]
[EventType "swiss"]
[EventRounds "9"]
[EventCountry "RUS"]
[SourceTitle "CBM 171"]
[Source "ChessBase"]
[SourceDate "2016.03.14"]
[SourceVersion "2"]
[SourceVersionDate "2016.03.14"]
[SourceQuality "1"]

1. d4 f5 2. g3 Nf6 3. Bg2 g6 4. c4 Bg7 5. Nc3 d6 6. Nf3 O-O 7. O-O c6 8. Rb1 a5
9. Qb3 Kh8 10. Rd1 Na6 11. Be3 Ng4 12. Bd2 Rb8 13. c5 b5 14. cxb6 Rxb6 15. Qa4
Rb4 16. Qc2 Rb8 17. a3 Bd7 18. e3 Nc7 19. Rdc1 Ne6 20. Ne2 g5 21. Qd3 h6 22. b4
axb4 23. axb4 Qe8 24. d5 cxd5 25. Qxd5 Qh5 26. Nc3 Nc7 27. Qc4 Nb5 28. Qe2 f4
29. h3 fxg3 30. fxg3 Nf6 31. g4 Qg6 32. Nd4 Nxd4 33. exd4 h5 34. gxh5 Nxh5 35.
Be3 Nf4 36. Bxf4 gxf4 37. Kh1 Bxd4 38. Nd5 f3 39. Bxf3 Qg3 40. Rb3 Rbc8 41. Rd1
Qxh3+ 42. Qh2 Qxh2+ 43. Kxh2 Be5+ 44. Kg2 Rc2+ 0-1

[Event "Moscow Aeroflot op-A 15th"]
[Site "Moscow"]
[Date "2016.03.04"]
[Round "4"]
[White "Kamsky, Gata"]
[Black "Savchenko, Boris"]
[Result "1/2-1/2"]
[WhiteElo "2673"]
[BlackElo "2610"]
[PlyCount "78"]
[EventDate "2016.03.01"]
[EventType "swiss"]
[EventRounds "9"]
[EventCountry "RUS"]
[SourceTitle "CBM 171"]
[Source "ChessBase"]
[SourceDate "2016.03.14"]
[SourceVersion "2"]
[SourceVersionDate "2016.03.14"]
[SourceQuality "1"]

1. d4 Nf6 2. Nf3 g6 3. Bg5 Bg7 4. c3 O-O 5. Nbd2 h6 6. Bh4 d6 7. e4 Nc6 8. Be2
Nh5 9. O-O Nf4 10. Bb5 a6 11. Ba4 Bd7 12. Bg3 Nh5 13. Re1 e6 14. Bb3 e5 15.
dxe5 Nxg3 16. hxg3 Nxe5 17. Nf1 Re8 18. Ne3 Nc6 19. Bc2 b5 20. Nd5 Na5 21. a4
c6 22. Ne3 Nb7 23. Qd2 Qc7 24. axb5 axb5 25. b4 Rxa1 26. Rxa1 Nd8 27. Rd1 Bc8
28. c4 bxc4 29. Nxc4 Nb7 30. Nxd6 Rd8 31. e5 Bf8 32. Qf4 Nxd6 33. exd6 Rxd6 34.
Re1 Qd8 35. Bb3 Rf6 36. Re8 Qxe8 37. Qxf6 Be6 38. Bxe6 Qxe6 39. Qxe6 fxe6
1/2-1/2

[Event "Moscow Aeroflot op-A 15th"]
[Site "Moscow"]
[Date "2016.03.05"]
[Round "5"]
[White "Bok, Benjamin"]
[Black "Kamsky, Gata"]
[Result "1/2-1/2"]
[WhiteElo "2611"]
[BlackElo "2673"]
[PlyCount "33"]
[EventDate "2016.03.01"]
[EventType "swiss"]
[EventRounds "9"]
[EventCountry "RUS"]
[SourceTitle "CBM 171"]
[Source "ChessBase"]
[SourceDate "2016.03.14"]
[SourceVersion "2"]
[SourceVersionDate "2016.03.14"]
[SourceQuality "1"]

1. e4 c5 2. Nf3 e6 3. d4 cxd4 4. Nxd4 a6 5. Bd3 Bc5 6. Nb3 Ba7 7. Qe2 d6 8. Be3
Nf6 9. O-O Bxe3 10. Qxe3 e5 11. c4 Be6 12. Nc3 Nbd7 13. Rfd1 Qb6 14. Qxb6 Nxb6
15. Na5 O-O-O 16. Rac1 Kb8 17. f3 1/2-1/2